LEADER 01455nam0 22003133i 450 001 SBL0591014 005 20231121125828.0 010 $a8824302645 020 $aIT$b773591 100 $a20150121d1976 ||||0itac50 ba 101 | $aita 102 $ait 181 1$6z01$ai $bxxxe 182 1$6z01$an 200 1 $aGratuitą dell'attribuzione e revocatoria fallimentare$fMichele Sandulli 210 $aNapoli$cE. Jovene$d1976 215 $aXIX, 365 p.$d24 cm. 225 | $aPubblicazioni dell'Istituto di diritto privato della Facoltą di economia e commercio$fUniversitą di Napoli$v14 410 0$1001SBL0056748$12001 $aPubblicazioni dell'Istituto di diritto privato della Facoltą di economia e commercio$fUniversitą di Napoli$v14$171201$aUniversita degli studi$c $b : Facolta di economia e commercio$b : Istituto di diritto privato$3MILV087036 606 $aDiritto fallimentare$2FIR$3PUVC025821$9I 700 1$aSandulli$b, Michele$3MILV088383$4070$0145136 801 3$aIT$bIT-01$c20150121 850 $aIT-FR0098 899 $aBiblioteca Area Giuridico Economica$bFR0098 912 $aSBL0591014 950 0$aBiblioteca Area Giuridico Economica$d 53DSG 01/0157$e 53VM 0000198355 VM barcode:GIU000086. - Inventario:249VM$fA $h20010423$i20121204 977 $a 53 996 $aGratuitą dell'attribuzione e revocatoria fallimentare$9260070 997 $aUNICAS